Country demonyms? - Statistics

General Stats
  • This quiz has been taken 28 times
  • The average score is 135 of 197
Answers on the Map
Answers color-coded by a green-red scale on the quiz's map according to % correct below.
 
Answer Stats
Country % Correct
Canadian/Canadien
96%
Cuban
96%
Mexican
96%
American
92%
Brazilian
92%
Danish/Dane
92%
Dominican
92%
Argentine/Argentinian/Argentinean
88%
British
88%
Dutch
88%
Egyptian
88%
Finnish/Finn
88%
French
88%
German
88%
Greek/Hellenic/Hellenes
88%
Haitian
88%
Icelandic/Icelander
88%
Irish
88%
Italian
88%
Polish/Pole
88%
Russian
88%
Spaniard/Spanish
88%
Swedish/Swede
88%
Turk/Turkish
88%
Albanian
84%
Australian
84%
Belarusian
84%
Bolivian
84%
Bulgarian
84%
Chinese
84%
Costa Rican Tico/Costa Rican Tica/Costa Rican
84%
Czech
84%
Estonian
84%
Hungarian/Magyar
84%
Indian
84%
Indonesian
84%
Iraqi
84%
Japanese
84%
Lao/Laotian
84%
Latvian
84%
Lithuanian
84%
Malaysian
84%
Mongolian
84%
Nicaraguan/Nica
84%
Portuguese
84%
Romanian
84%
Serbian
84%
South African
84%
South Korean/Korean
84%
Thai
84%
Ukrainian
84%
Vietnamese/Viet
84%
Afghan/Afghani/Afghanistani
80%
Algerian
80%
Armenian
80%
Austrian
80%
Belgian
80%
Bhutanese
80%
Cambodian/Khmer
80%
Chilean
80%
Croatian
80%
Eritrean
80%
Ethiopian
80%
Macedonian/North Macedonian
80%
Namibia
80%
Nepali/Nepalese
80%
North Korean
80%
Norwegian
80%
Pak/Paki/Pakistani
80%
Slovakian/Slovak
80%
Slovenian/Slovene
80%
Somali/Somalian
80%
Switzer/Swiss
80%
Syrian
80%
Taiwanese
80%
Tajikistani/Tajik/Tajiki
80%
Angolan
76%
Colombian
76%
Ecuadorian
76%
Georgian
76%
Guinean
76%
Iranian
76%
Jamaican
76%
Jordanian
76%
Kazakh/Kazakhstani
76%
Kenyan
76%
Libyan
76%
Malian
76%
Nigerian
76%
Paraguayan
76%
Peruvian
76%
Saudi/Saudi Arabian/Arabic
76%
Sri Lankan
76%
Sudanese
76%
Tanzanian
76%
Tunisian
76%
Turkmenistani/Turkmen/Turkmenian/Turkmeni
76%
Ugandan
76%
Uruguayan
76%
Uzbek
76%
Venezuelan
76%
Zambian
76%
Azerbaijani/Azeri
72%
Bosnian
72%
Burmese/Bamar
72%
Cameroonian
72%
Chadian
72%
Filipino
72%
Kyrgyz/Kyrgyzstani
72%
Lebanese
72%
Malawian
72%
Moroccan
72%
Omani
72%
Samoan
72%
Tongan
72%
Yemeni/Yemenite
72%
Bangladeshi
68%
Congolese
68%
Djiboutian
68%
Fijian
68%
Gabonese/Gabonaise
68%
Guatemalan/Chapín
68%
Israeli
68%
Luxembourger/Luxembourgish
68%
Maldivian
68%
Maltese
68%
Mauritanian
68%
Moldovan
68%
New Zealander/Kiwi
68%
South Sudanese
68%
Central African
64%
Cypriot
64%
Equatorial Guinean/Equatoguinean
64%
Gambian
64%
Guyanese
64%
Honduran/Catracho
64%
Kosovan/Kosovar
64%
Kuwaiti
64%
Micronesian
64%
Qatari
64%
Rwandan/Rwandese
64%
Senegalese
64%
Surinamese
64%
Bahamian
60%
Bahraini
60%
Belizean
60%
Burundian
60%
Liberian
60%
Montenegrin
60%
Palauan
60%
Panamanian
60%
Papua New Guinean
60%
Trinidadian/Tobagonian/Trini/Trinbagonian
60%
Zimbabwean/Zimbo
60%
Emirati
56%
Nauruan
56%
Ni-Vanuatu/Vanuatuan
56%
Singaporean
56%
Solomon Islander
56%
Tuvaluan
56%
Antiguan/Barbudan
52%
Bruneian
52%
Liechtensteiner
52%
Mauritian
52%
Andorran
48%
Comorian
48%
Saint Lucian
48%
Salvadoran
48%
Togolese
48%
Beninese
44%
Ghanaian
44%
I-Kiribati/Gilbertese
44%
Ivorian
44%
Marshallese
44%
Seychellois/Seychelloise/Seselwa
44%
Barbadian/Bajan
40%
Grenadian
40%
Timorese
40%
Dominican/Quisqueyan
36%
Monacan/Monégasque
36%
Vaticanian/Vaticano/Papal/Pontificial
36%
Sierra Leonean
32%
Vincentian/Grenadinian Vincy
32%
Cape Verdean/Cabo Verdean
28%
Kittitian/Nevisian
28%
Mozambican
28%
Sammarinese
24%
Bissau-Guinean
20%
Burkinabè
16%
Mosotho/Basotho
16%
Palestinian
16%
Batswana
12%
Emaswati/Liswati
8%
Madagasy
8%
Santomean
8%
No matching quizzes found
Score Distribution
Percent of People with Each Score
Percentile by Number Answered
Your Score History
You have not taken this quiz